000 00866pam a2200277 a 4500
999 _c3563
_d3563
001 4298361
003 OSt
005 20230420164026.0
008 861125s1988 nyua b 001 0 eng
010 _a 86031803
020 _a0716718235
020 _a0716718693 (pbk.)
040 _aDLC
_cDLC
_dDLC
050 0 0 _aQC665.E4
_bL67 1988
082 0 0 _a530.14 LOR 1988
_219
100 1 _aLorrain, Paul; Corson, Dale R.; Lorrain, Francois
_97968
245 1 0 _aElectromagnetic Fields and Waves: including electric circuits
250 _a3rd ed.
260 _aNew York ;
_bFreeman,
_c1988.
300 _axiii, 754 p. :
_bill. ;
_c24 cm.
504 _aIncludes bibliographical references and index.
650 0 _aElectromagnetic fields.
_97969
650 0 _aElectromagnetic waves.
_97970
906 _a7
_bcbc
_corignew
_d1
_eocip
_f19
_gy-gencatlg
942 _2ddc
_cSLOAN